000
00199 a2200097 4500
001
2674
100
_a
Masani, R.P.
245
_a
Dadahai Naoroji
260
_a
_b
George Allen
_c
090
_c
1970
_d
1970
942
_a
NUST-CAE
_c
M
_c
10780
999
_c
237747
_d
237747